[Event "DEN-chT1 Gr2 1718"]
[Site "Denmark"]
[Date "2017.11.19"]
[Round "1"]
[White "Ebbesen, Richard"]
[Black "Bjornskov, Kai"]
[Result "1/2-1/2"]
[WhiteElo "2014"]
[BlackElo "2061"]
[PlyCount "112"]
[EventDate "2017.11.19"]
[EventType "team-tourn"]
[EventRounds "7"]
[EventCountry "DEN"]
[SourceTitle "EXT 2019"]
[Source "ChessBase"]
[SourceDate "2018.10.10"]
[SourceVersion "1"]
[SourceVersionDate "2018.10.10"]
[SourceQuality "1"]
[WhiteTeam "Kolding Springeren"]
[BlackTeam "Haderslev"]
[WhiteTeamCountry "DEN"]
[BlackTeamCountry "DEN"]

1. d4 Nf6 2. c4 g6 3. Nc3 Bg7 4. Nf3 0-0 5. e3 d5 6. Be2 c5 7. 0-0 dxc4 8. Bxc4 a6 9. a4 Nc6 10. dxc5 Qa5 11. Qe2 Qxc5 12. h3 h6 13. e4 e5 14. Nd5 Nxd5 15. Bxd5 Re8 16. Be3 Nd4 17. Qd1 Be6 18. Bxd4 exd4 19. Bxe6 Rxe6 20. Qd3 Rd8 21. Rfc1 Qe7 22. Nd2 Rb6 23. b3 h5 24. Rc4 Rb4 25. Rd1 Qd6 26. Rxb4 Qxb4 27. Nc4 Rc8 28. e5 b5 29. axb5 axb5 30. Nd6 Rc3 31. Qxb5 Qxb5 32. Nxb5 Rxb3 33. Nxd4 Rb6 34. Nf3 f6 35. exf6 Bxf6 36. g3 Kg7 37. Kg2 Rb7 38. h4 Ra7 39. Ng5 Rb7 40. Ne6+ Kf7 41. Nd8+ Bxd8 42. Rxd8 Rb3 43. Rd6 Ra3 44. f4 Kg7 45. Re6 Rb3 46. Kf2 Rb2+ 47. Re2 Rb3 48. Re3 Rb2+ 49. Kf3 Rb4 50. g4 hxg4+ 51. Kxg4 Rb1 52. Rg3 Rb5 53. Rh3 Ra5 54. Rb3 Rc5 55. Rb7+ Kh6 56. Rb6 Kg7 1/2-1/2

[Event "Vojens Sonderjysk EMT Master"]
[Site "Vojens"]
[Date "2015.06.01"]
[Round "5"]
[White "Bjornskov, Kai"]
[Black "Murtuzov, Mubariz"]
[Result "1/2-1/2"]
[WhiteElo "2080"]
[BlackElo "2007"]
[PlyCount "116"]
[EventDate "2015.04.27"]
[EventType "swiss"]
[EventRounds "7"]
[EventCountry "DEN"]
[SourceTitle "EXT 2023"]
[Source "ChessBase"]
[SourceDate "2022.10.05"]
[SourceVersion "1"]
[SourceVersionDate "2022.10.05"]
[SourceQuality "1"]

1. d4 Nf6 2. c4 c5 3. d5 b5 4. cxb5 a6 5. bxa6 g6 6. Nc3 Bxa6 7. g3 d6 8. Bg2 Bg7 9. Nf3 Nbd7 10. 0-0 Nb6 11. Re1 0-0 12. e4 Nfd7 13. Bf1 Bxf1 14. Kxf1 Nc4 15. Qe2 Nce5 16. Nxe5 Nxe5 17. Bf4 Qa5 18. Rac1 Rfb8 19. Rc2 Rb4 20. b3 Qa6 21. Qxa6 Rxa6 22. Bxe5 Bxe5 23. Nd1 e6 24. dxe6 fxe6 25. f3 Bd4 26. Nf2 Ra3 27. Nd3 Rb5 28. Nf4 Kf7 29. Ree2 Ke7 30. Nd3 Kd7 31. f4 Kd8 32. Kg2 Rba5 33. Kf3 Kd7 34. g4 Ra8 35. e5 c4 36. Rxc4 dxe5 37. fxe5 Bb6 38. Rcc2 g5 39. Kg2 R8a5 40. Nb4 Ke8 41. Nc6 Rd5 42. Kf3 Ra8 43. Red2 Kd7 44. Nb4 Rf8+ 45. Kg3 Rxd2 46. Rxd2+ Kc7 47. Nc2 Rf4 48. Re2 Kc6 49. b4 Kd5 50. a4 Bc7 51. h4 h6 52. hxg5 hxg5 53. a5 Rf8 54. a6 Kc4 55. Re4+ Kd3 56. Rd4+ Ke2 57. Re4+ Kd3 58. Rd4+ Ke2 1/2-1/2

[Event "Sonderjysk-chA"]
[Site "Haderslev"]
[Date "2013.05.27"]
[Round "4"]
[White "Bjornskov, Kai"]
[Black "Brautsch, Soren"]
[Result "1/2-1/2"]
[WhiteElo "2110"]
[BlackElo "2235"]
[PlyCount "39"]
[EventDate "2013.04.29"]
[EventType "tourn"]
[EventRounds "7"]
[EventCountry "DEN"]
[SourceTitle "EXT 2018"]
[Source "ChessBase"]
[SourceDate "2017.10.13"]
[SourceVersion "1"]
[SourceVersionDate "2017.10.13"]
[SourceQuality "1"]

1. e4 Nf6 2. e5 Nd5 3. d4 d6 4. c4 Nb6 5. f4 dxe5 6. fxe5 Nc6 7. Be3 Bf5 8. Nc3 e6 9. Nf3 Nb4 10. Rc1 c5 11. a3 cxd4 12. Nxd4 Nc6 13. Nxc6 Qxd1+ 14. Rxd1 bxc6 15. Be2 Be7 16. 0-0 Nd7 17. Bf4 a5 18. Bf3 Rc8 19. Ne4 Bxe4 20. Bxe4 1/2-1/2

[Event "Vojens Sonderjysk"]
[Site "Vojens"]
[Date "2011.05.02"]
[Round "1"]
[White "Nielsen, Finn"]
[Black "Bjornskov, Kai"]
[Result "0-1"]
[WhiteElo "1891"]
[BlackElo "2096"]
[PlyCount "59"]
[EventDate "2011.05.02"]
[EventType "tourn"]
[EventRounds "7"]
[EventCountry "DEN"]
[SourceTitle "EXT 2018"]
[Source "ChessBase"]
[SourceDate "2017.10.13"]
[SourceVersion "1"]
[SourceVersionDate "2017.10.13"]
[SourceQuality "1"]

1. e4 c5 2. Nf3 d6 3. d4 cxd4 4. Nxd4 Nf6 5. Nc3 a6 6. h3 b5 7. Bd3 Bb7 8. a3 g6 9. Be3 Bg7 10. Qd2 0-0 11. 0-0-0 Nbd7 12. f4 Rc8 13. Rhe1 Nc5 14. e5 dxe5 15. fxe5 Nd5 16. Nf3 Nxd3+ 17. Qxd3 Nxc3 18. Qxd8 Rfxd8 19. Rxd8+ Rxd8 20. bxc3 Bxf3 21. gxf3 Bxe5 22. Kb2 Rc8 23. Bd4 Bd6 24. Bb6 Rc4 25. Re4 f5 26. Rd4 Kf7 27. Kb3 Rc6 28. Ba5 e5 29. Rh4 h5 30. Bb4 0-1

[Event "Sonderjysk-chA"]
[Site "Agerskov"]
[Date "2007.09.09"]
[Round "1"]
[White "Asmund, Erik"]
[Black "Bjornskov, Kai"]
[Result "1-0"]
[WhiteElo "1578"]
[BlackElo "2106"]
[PlyCount "123"]
[EventDate "2007.09.09"]
[EventType "tourn"]
[EventRounds "7"]
[EventCountry "DEN"]
[SourceTitle "EXT 2023"]
[Source "ChessBase"]
[SourceDate "2022.10.05"]
[SourceVersion "1"]
[SourceVersionDate "2022.10.05"]
[SourceQuality "1"]

1. e4 c5 2. Nf3 d6 3. Nc3 Nf6 4. h3 Nc6 5. b3 g6 6. Bb2 Bg7 7. Nd5 e5 8. Nxf6+ Qxf6 9. Bc4 Rb8 10. Rb1 b5 11. Be2 0-0 12. d3 Qe7 13. g4 f5 14. gxf5 gxf5 15. exf5 Bxf5 16. Bc1 e4 17. Ng5 exd3 18. cxd3 Rbe8 19. Be3 Bc3+ 20. Kf1 Bg6 21. Bf3 Nb4 22. Be4 Qxg5 23. Bxg5 Bd4 24. Rh2 Bxe4 25. dxe4 Rxe4 26. Rg2 Kh8 27. a3 Nd5 28. Qd3 Re6 29. Re1 Rg6 30. Be3 Bxe3 31. Rxe3 Rxg2 32. Rf3 Rxf3 33. Qxf3 Rg5 34. Qf8+ Rg8 35. Qxd6 Nb6 36. Qe5+ Rg7 37. Qxc5 Rf7 38. Qxb5 Kg7 39. Qe5+ Kf8 40. h4 Nd7 41. Qa5 Nb6 42. h5 Re7 43. h6 Ke8 44. Qh5+ Kd7 45. a4 Kd6 46. f4 Nd5 47. f5 Re5 48. Kf2 Ne7 49. Qd1+ Rd5 50. Qc2 Rxf5+ 51. Kg3 a5 52. Kg4 Rf7 53. Qd2+ Nd5 54. Qxa5 Rf6 55. Qd8+ Ke5 56. Qh8 Ke6 57. Qxh7 Rf4+ 58. Kg5 Rg4+ 59. Kxg4 Nf6+ 60. Kg5 Nxh7+ 61. Kg6 Nf8+ 62. Kg7 1-0